000 00336 a2200157 4500
001 152192
040 _cEscola São Tomás de Aquino
100 _aJOSÉ, Elias
240 1 0 _aBaú dos sonhos
_lpor
245 1 0 _aBaú dos sonhos
300 _a30
362 0 _a1997
440 1 _a
697 _a*LITERATURA JUVENIL
942 _cBK
999 _c152192
_d152192